000 00632nam a2200217Ia 4500
999 _c41171
_d41171
001 7821
003 GE_BSU
005 20221116110949.0
008 181216s2005en xx |||||||||||||| ||eng||
020 _a1419610147 x
040 _cGE_BSU
041 _aeng
080 _a338.48 M-76
100 _aMitchell,G.E.
_914815
245 _aHow to Start a Tour Guiding Business /
_cG.E. Mitchell
264 _aUSA :
_bGem Group,
_c2005.
300 _a272 p.:
_bIll;
_c26 cm.
653 _aHow to Start a Tour Guiding Business
653 _aროგორ დავიწყოთ გიდის ბიზნესი
942 _cBK
_2udc